Statistiques concernant La Bible - Les 12 fils de Jacob

Cliquez ici pour prendre le quiz!

Statistiques générales

  • Ce quiz a été pris 34 fois
  • Le résultat moyen est 6 sur 12

Statistiques - réponses

MèreNom du fils% Correct
1er fils de RachelJoseph
86%
4ème fils de LéaJuda
79%
2ème fils de RachelBenjamin
72%
2ème fils de LéaSiméon
62%
1er fils de LéaRuben
59%
3ème fils de LéaLévi
55%
1er fils de Bilha (s. de Rachel)Dan
52%
1er fils de Zilpa (s. de Léa)Gad
41%
2ème fils de Zilpa (s. de Léa)Aser
38%
6ème fils de LéaZabulon
38%
2ème fils de Bilha (s. de Rachel)Nephtali
34%
5ème fils de LéaIssacar
28%

Distribution des résultats

Percentile par nombre de réponses

% des personnes avec chaque résultat

Votre développement - résultats

Vous n’avez pas pris ce quiz